[Event "St Petersburg Korchnoi Memorial op"]
[Site "St Petersburg"]
[Date "2019.08.18"]
[Round "5"]
[White "Yashmetov, Mikhail"]
[Black "Kurdakov, Yuri"]
[Result "1-0"]
[WhiteElo "2350"]
[BlackElo "2107"]
[PlyCount "53"]
[EventDate "2019.08.14"]
[EventType "swiss"]
[EventRounds "9"]
[EventCountry "RUS"]
[SourceTitle "CBM 192"]
[Source "ChessBase"]
[SourceDate "2019.10.31"]
[SourceVersion "1"]
[SourceVersionDate "2019.10.31"]
[SourceQuality "1"]

1. Nf3 e6 2. c4 d5 3. d4 Be7 4. g3 Nf6 5. Bg2 0-0 6. 0-0 Ne4 7. Nc3 c5 8. cxd5 Nxc3 9. bxc3 exd5 10. dxc5 Bxc5 11. Qd3 h6 12. Rd1 Qb6 13. Rb1 Bxf2+ 14. Kf1 Qf6 15. Kxf2 Bf5 16. Qb5 Bxb1 17. Qxb1 Qb6+ 18. Be3 Qxb1 19. Rxb1 Rc8 20. Rxb7 Nc6 21. Bh3 Rcb8 22. Rc7 Nd8 23. Ne5 Rb2 24. Bg2 Ne6 25. Rd7 Rc8 26. Bxd5 Rb5 27. c4 1-0

[Event "St Petersburg Korchnoi Memorial op"]
[Site "St Petersburg"]
[Date "2019.08.15"]
[Round "2"]
[White "Kurdakov, Yuri"]
[Black "Pecnik, Leo"]
[Result "0-1"]
[WhiteElo "2107"]
[BlackElo "2336"]
[PlyCount "52"]
[EventDate "2019.08.14"]
[EventType "swiss"]
[EventRounds "9"]
[EventCountry "RUS"]
[SourceTitle "CBM 192"]
[Source "ChessBase"]
[SourceDate "2019.10.31"]
[SourceVersion "1"]
[SourceVersionDate "2019.10.31"]
[SourceQuality "1"]

1. Nf3 Nf6 2. g3 g6 3. Bg2 Bg7 4. 0-0 0-0 5. c4 d6 6. Nc3 e5 7. d4 Nbd7 8. e4 exd4 9. Nxd4 Re8 10. f3 a6 11. Be3 Rb8 12. Qd2 Ne5 13. b3 c5 14. Nc2 b5 15. cxb5 axb5 16. Rad1 b4 17. Ne2 Ba6 18. Ne1 c4 19. Rf2 d5 20. Bf4 dxe4 21. Qxd8 Rexd8 22. Rxd8+ Rxd8 23. Bxe5 e3 24. Bf1 exf2+ 25. Kxf2 Rd2 26. bxc4 Bxc4 0-1

[Event "Moscow-ch final"]
[Site "Moscow"]
[Date "2019.04.03"]
[Round "5"]
[White "Khmelev, Mikhail"]
[Black "Kurdakov, Yuri"]
[Result "0-1"]
[WhiteElo "1995"]
[BlackElo "2144"]
[PlyCount "124"]
[EventDate "2019.03.30"]
[EventType "swiss"]
[EventRounds "9"]
[EventCountry "RUS"]
[SourceTitle "CBM 189 Extra"]
[Source "ChessBase"]
[SourceDate "2019.06.03"]
[SourceVersion "1"]
[SourceVersionDate "2019.06.03"]
[SourceQuality "1"]

1. e4 e6 2. d4 d5 3. Nc3 Bb4 4. a3 Be7 5. Bd3 c6 6. Nge2 b6 7. 0-0 Ba6 8. exd5 Bxd3 9. Qxd3 cxd5 10. Bf4 a6 11. Qg3 Nd7 12. Qxg7 Bf6 13. Qg3 Ne7 14. Qd3 h5 15. Rfe1 Qc8 16. Rad1 h4 17. Qf3 Qc6 18. Nc1 0-0-0 19. Nd3 Rdg8 20. Ne5 Bxe5 21. Bxe5 Nxe5 22. dxe5 Rg7 23. g3 hxg3 24. fxg3 Rgh7 25. Rd2 Qc5+ 26. Qf2 Qc6 27. Qf3 Kb7 28. b4 Nf5 29. Rf1 Rg7 30. Ne2 Qc7 31. Rxd5 exd5 32. Qxd5+ Ka7 33. Rxf5 Rd8 34. Qe4 Rd1+ 35. Kg2 Qd7 36. Rf3 Rg4 37. Qf5 Rc4 38. Qxf7 Re4 39. Qxd7+ Rxd7 40. Kf2 Rxe5 41. Re3 Rf7+ 42. Nf4 Rxe3 43. Kxe3 Rc7 44. Kd3 Rd7+ 45. Ke2 Rc7 46. Kd2 Rd7+ 47. Kc1 Rc7 48. h4 Rc3 49. Ne2 Rxa3 50. h5 Re3 51. Kd2 Re5 52. Nf4 Rg5 53. h6 Rg8 54. Ke3 Rh8 55. g4 Rxh6 56. g5 Rh1 57. Ne2 Rh4 58. Nf4 Rg4 59. g6 a5 60. bxa5 bxa5 61. Ke4 a4 62. g7 a3 0-1

[Event "Moscow-ch final"]
[Site "Moscow"]
[Date "2018.03.30"]
[Round "7"]
[White "Rozanov, Pavel B"]
[Black "Kurdakov, Yuri"]
[Result "1-0"]
[WhiteElo "2238"]
[BlackElo "2125"]
[PlyCount "71"]
[EventDate "2018.03.24"]
[EventType "swiss"]
[EventRounds "9"]
[EventCountry "RUS"]
[SourceTitle "CBM 183 Extra"]
[Source "ChessBase"]
[SourceDate "2018.04.19"]
[SourceVersion "1"]
[SourceVersionDate "2018.04.19"]
[SourceQuality "1"]

1. d4 e6 2. c4 Bb4+ 3. Nc3 d5 4. a3 Bxc3+ 5. bxc3 Nf6 6. e3 b6 7. cxd5 exd5 8. Bd3 0-0 9. Ne2 Ba6 10. 0-0 Re8 11. f3 c5 12. Ng3 Bxd3 13. Qxd3 Nc6 14. Bb2 c4 15. Qd2 b5 16. Rae1 a5 17. Qd1 Qb6 18. Kh1 b4 19. e4 bxa3 20. Bxa3 Qb3 21. Qc1 Nb4 22. Bxb4 axb4 23. e5 Nd7 24. Nf5 Nf8 25. cxb4 Ne6 26. f4 Ra2 27. Nd6 Rea8 28. f5 Nxd4 29. e6 fxe6 30. fxe6 Ne2 31. Qg5 Qxb4 32. Nf5 Qb2 33. Nh6+ Kh8 34. e7 Qb4 35. Nf7+ Kg8 36. Nd8 1-0

[Event "Moscow-ch final"]
[Site "Moscow"]
[Date "2018.03.25"]
[Round "2"]
[White "Kurdakov, Yuri"]
[Black "Vorobiov, Evgeny E"]
[Result "0-1"]
[WhiteElo "2125"]
[BlackElo "2548"]
[PlyCount "76"]
[EventDate "2018.03.24"]
[EventType "swiss"]
[EventRounds "9"]
[EventCountry "RUS"]
[SourceTitle "CBM 183 Extra"]
[Source "ChessBase"]
[SourceDate "2018.04.19"]
[SourceVersion "1"]
[SourceVersionDate "2018.04.19"]
[SourceQuality "1"]

1. Nf3 d5 2. b3 Bg4 3. e3 Nf6 4. h3 Bh5 5. Bb2 e6 6. Be2 Nbd7 7. d3 a5 8. Nbd2 c6 9. Rb1 h6 10. Ne5 Bxe2 11. Qxe2 Nxe5 12. Bxe5 Bd6 13. Bb2 0-0 14. 0-0 e5 15. e4 Re8 16. Rfd1 a4 17. Nf1 Qc7 18. Ne3 Bf8 19. Qf3 Qd7 20. Nf5 Qe6 21. g4 g6 22. Ng3 d4 23. Qe2 axb3 24. axb3 Ra2 25. Kg2 Nd7 26. Qd2 c5 27. Ra1 Rea8 28. Rxa2 Rxa2 29. Rb1 b5 30. Ra1 Rxa1 31. Bxa1 c4 32. bxc4 bxc4 33. dxc4 Qxc4 34. Bb2 Nc5 35. f3 Be7 36. Ba3 Bg5 37. Qd1 d3 38. cxd3 Qa2+ 0-1

[Event "Moscow-ch"]
[Site "Moscow"]
[Date "2017.04.09"]
[Round "9"]
[White "Denishev, Marat"]
[Black "Kurdakov, Yuri"]
[Result "1-0"]
[WhiteElo "2333"]
[BlackElo "2152"]
[PlyCount "87"]
[EventDate "2017.04.01"]
[EventType "swiss"]
[EventRounds "9"]
[EventCountry "RUS"]
[SourceTitle "CBM 177 Extra"]
[Source "ChessBase"]
[SourceDate "2017.04.27"]
[SourceVersion "1"]
[SourceVersionDate "2017.04.27"]
[SourceQuality "1"]

1. d4 e6 2. Nf3 Nf6 3. Bf4 Nh5 4. e3 Nxf4 5. exf4 c5 6. Nc3 cxd4 7. Qxd4 Nc6 8. Qd2 a6 9. g3 Bb4 10. Bg2 Bxc3 11. Qxc3 Qa5 12. Qxa5 Nxa5 13. 0-0-0 Ke7 14. Rhe1 d6 15. f5 Nc6 16. Ng5 e5 17. f4 f6 18. Ne4 Rd8 19. fxe5 Nxe5 20. Nc3 Rb8 21. g4 Bd7 22. h3 Bc6 23. Bd5 g5 24. Rd4 Rh8 25. Red1 h5 26. Bxc6 bxc6 27. Rxd6 hxg4 28. hxg4 Rbd8 29. Re6+ Kf7 30. Rxd8 Rxd8 31. Ne4 Nxg4 32. Rxc6 a5 33. c3 a4 34. b4 a3 35. b5 Ne3 36. Rxf6+ Ke7 37. Re6+ Kf8 38. Nd6 Nd5 39. Kc2 Nf4 40. Rh6 Kg7 41. f6+ Kxh6 42. Nf7+ Kg6 43. Nxd8 g4 44. b6 1-0

[Event "Moscow-ch"]
[Site "Moscow"]
[Date "2017.04.03"]
[Round "3"]
[White "Kurdakov, Yuri"]
[Black "Kovalev, Egor"]
[Result "0-1"]
[WhiteElo "2152"]
[BlackElo "2291"]
[PlyCount "72"]
[EventDate "2017.04.01"]
[EventType "swiss"]
[EventRounds "9"]
[EventCountry "RUS"]
[SourceTitle "CBM 177 Extra"]
[Source "ChessBase"]
[SourceDate "2017.04.27"]
[SourceVersion "1"]
[SourceVersionDate "2017.04.27"]
[SourceQuality "1"]

1. Nf3 Nf6 2. c4 c6 3. b3 g6 4. Bb2 Bg7 5. e3 0-0 6. Be2 d5 7. 0-0 Bf5 8. d3 Na6 9. cxd5 cxd5 10. Be5 Rc8 11. Nd4 Bd7 12. Qe1 Re8 13. Nc3 Qa5 14. Rc1 Nh5 15. Bxg7 Nxg7 16. Bf3 Rc5 17. Nde2 Nb4 18. Qd2 e6 19. d4 Rc7 20. Nxd5 exd5 21. Rxc7 Qxc7 22. Qxb4 Bc6 23. Rc1 Qd7 24. Nf4 Qf5 25. Qc5 g5 26. Nxd5 g4 27. e4 Qg5 28. h4 Qxh4 29. g3 Qg5 30. Bg2 Ne6 31. Qc3 Bxd5 32. exd5 Nxd4 33. Re1 Ne2+ 34. Rxe2 Rxe2 35. Qc8+ Kg7 36. Qxb7 Re1+ 0-1

[Event "Moscow-ch sf"]
[Site "Moscow"]
[Date "2012.03.05"]
[Round "8"]
[White "Khorsun, Vsevolod"]
[Black "Kurdakov, Yuri"]
[Result "0-1"]
[WhiteElo "1795"]
[BlackElo "2219"]
[PlyCount "66"]
[EventDate "2012.02.26"]
[EventType "swiss"]
[EventRounds "9"]
[EventCountry "RUS"]
[SourceTitle "CBM 147 Extra"]
[Source "ChessBase"]
[SourceDate "2012.04.24"]
[SourceVersion "1"]
[SourceVersionDate "2012.04.24"]
[SourceQuality "1"]

1. e4 e6 2. d4 d5 3. Nc3 Bb4 4. e5 b6 5. Qg4 Bf8 6. Bg5 Qd7 7. 0-0-0 Ba6 8. Bxa6 Nxa6 9. Nge2 h6 10. Bh4 g5 11. Bg3 h5 12. Qf3 h4 13. h3 hxg3 14. fxg3 Nh6 15. g4 Be7 16. Ng3 0-0-0 17. Rhf1 Rhg8 18. Qe2 Kb7 19. Nh5 Rg6 20. Rf3 Nb4 21. a3 Nc6 22. Qd3 Rdg8 23. Ne2 Qe8 24. c4 Na5 25. c5 Nc4 26. Nc3 a6 27. cxb6 cxb6 28. Kb1 Rf8 29. Rc1 Ng8 30. Rf2 Rh6 31. Ne4 Qb5 32. Ka1 Nxa3 33. Qxb5 Nxb5 0-1

[Event "Moscow-ch sf"]
[Site "Moscow"]
[Date "2012.03.04"]
[Round "7"]
[White "Kurdakov, Yuri"]
[Black "Paramzina, Anastasya"]
[Result "0-1"]
[WhiteElo "2219"]
[BlackElo "1902"]
[PlyCount "121"]
[EventDate "2012.02.26"]
[EventType "swiss"]
[EventRounds "9"]
[EventCountry "RUS"]
[SourceTitle "CBM 147 Extra"]
[Source "ChessBase"]
[SourceDate "2012.04.24"]
[SourceVersion "1"]
[SourceVersionDate "2012.04.24"]
[SourceQuality "1"]

1. c4 e6 2. Nf3 d5 3. b3 Nf6 4. Bb2 c5 5. e3 Nc6 6. d4 cxd4 7. Nxd4 Bb4+ 8. Bc3 Be7 9. Bd3 Nb4 10. Be2 e5 11. Nc2 Nxc2+ 12. Qxc2 d4 13. Bd2 g6 14. exd4 Bf5 15. Qb2 exd4 16. Bh6 Qa5+ 17. Nd2 0-0-0 18. 0-0 Ba3 19. b4 Bxb2 20. bxa5 Bxa1 21. Rxa1 Rhe8 22. Bf3 Re6 23. h3 Rde8 24. g4 Re1+ 25. Rxe1 Rxe1+ 26. Kg2 Bd7 27. Bg7 Re6 28. Nb3 d3 29. Nc5 Bc6 30. Nxd3 Ne8 31. Bc3 Bxf3+ 32. Kxf3 Nd6 33. c5 Ne4 34. Bb4 Ng5+ 35. Kg3 Rf6 36. f4 Re6 37. Ne5 f6 38. Nc4 Ne4+ 39. Kf3 Kd7 40. a6 bxa6 41. Na5 h6 42. h4 f5 43. Nb3 fxg4+ 44. Kxg4 Nf2+ 45. Kf3 Nd3 46. Bc3 Re7 47. Nd4 Nxc5 48. Bb4 Ne6 49. Nc6 Rg7 50. Ne5+ Kc7 51. Ke4 Kb6 52. Bd6 Rg8 53. Be7 a5 54. a3 a6 55. Bd6 Kb5 56. Nf7 h5 57. Ke5 Ng7 58. Nh6 Rh8 59. Kf6 Ne8+ 60. Ke5 Ng7 61. Nf7 0-1

[Event "Moscow-ch sf"]
[Site "Moscow"]
[Date "2012.02.27"]
[Round "2"]
[White "Afanasiev, Nikita"]
[Black "Kurdakov, Yuri"]
[Result "1-0"]
[WhiteElo "1986"]
[BlackElo "2219"]
[PlyCount "103"]
[EventDate "2012.02.26"]
[EventType "swiss"]
[EventRounds "9"]
[EventCountry "RUS"]
[SourceTitle "CBM 147 Extra"]
[Source "ChessBase"]
[SourceDate "2012.04.24"]
[SourceVersion "1"]
[SourceVersionDate "2012.04.24"]
[SourceQuality "1"]

1. Nf3 e6 2. g3 Nf6 3. b3 b6 4. Bg2 Bb7 5. 0-0 Be7 6. d3 0-0 7. Nbd2 c5 8. Bb2 Nc6 9. Re1 d6 10. e3 b5 11. e4 Nd7 12. c3 b4 13. cxb4 Nxb4 14. Nc4 e5 15. Qd2 a5 16. Bc3 Ba6 17. a3 Bxc4 18. bxc4 Nc6 19. Rab1 Qc7 20. Rb5 Ra7 21. Reb1 Rfa8 22. Bh3 Nf8 23. Qd1 a4 24. R1b2 Nd8 25. Qb1 Nfe6 26. Ne1 g6 27. Nc2 Nd4 28. Nxd4 exd4 29. Bd2 Bf6 30. Rb6 Qe7 31. R2b5 Kg7 32. Bg4 Qc7 33. f4 Qe7 34. Rb8 Rxb8 35. Rxb8 h5 36. Bf3 Qc7 37. Qb6 Qxb6 38. Rxb6 Be7 39. Rb5 Kf8 40. Ba5 Ne6 41. Rb8+ Kg7 42. Bb6 Rd7 43. Bd1 Bf8 44. Bxa4 Re7 45. Bc6 f5 46. a4 Nc7 47. a5 Na6 48. Rb7 fxe4 49. Rxe7+ Bxe7 50. Bxe4 Nb4 51. Kf1 d5 52. Bxd5 1-0

[Event "Moscow-ch sf"]
[Site "Moscow"]
[Date "2012.02.26"]
[Round "1"]
[White "Kurdakov, Yuri"]
[Black "Martynyuk, Elizaveta"]
[Result "1-0"]
[WhiteElo "2219"]
[BlackElo "1857"]
[PlyCount "133"]
[EventDate "2012.02.26"]
[EventType "swiss"]
[EventRounds "9"]
[EventCountry "RUS"]
[SourceTitle "CBM 147 Extra"]
[Source "ChessBase"]
[SourceDate "2012.04.24"]
[SourceVersion "1"]
[SourceVersionDate "2012.04.24"]
[SourceQuality "1"]

1. c4 Nf6 2. Nc3 g6 3. g3 Bg7 4. Bg2 0-0 5. Nf3 d6 6. 0-0 e5 7. Rb1 Nbd7 8. b4 e4 9. Nd4 c6 10. b5 c5 11. Nc2 Re8 12. Ne3 Nb6 13. Qc2 Qe7 14. a4 Be6 15. Nxe4 Nxe4 16. Qxe4 Bxc4 17. Nxc4 Qxe4 18. Bxe4 Rxe4 19. Nxd6 Rxe2 20. a5 Nd7 21. Nxb7 Bd4 22. Bb2 Rxd2 23. Bxd4 Rxd4 24. Rfd1 Rb8 25. a6 Re8 26. Na5 Ne5 27. Rxd4 cxd4 28. f4 Nf3+ 29. Kf2 Nd2 30. Rd1 Ne4+ 31. Kf1 Nc3 32. Rxd4 Nxb5 33. Rd7 Re6 34. Rb7 Rb6 35. Rxb6 axb6 36. Nc4 Nc7 37. a7 Na8 38. Ke2 Kf8 39. Kd3 Ke7 40. Kd4 f6 41. g4 b5 42. Na3 b4 43. Nb5 Kd7 44. Kc4 Kc6 45. Kxb4 Kd5 46. Ka5 Kc5 47. Ka6 Kc6 48. Nd4+ Kc7 49. Ne6+ Kc6 50. h4 h6 51. h5 gxh5 52. gxh5 Nb6 53. Nd4+ Kc7 54. Nf5 Kc6 55. Nxh6 Na8 56. Ng8 Nc7+ 57. Ka5 Kb7 58. h6 Kxa7 59. h7 Nd5 60. h8Q Nxf4 61. Qxf6 Nd5 62. Qf7+ Kb8 63. Qxd5 Kc7 64. Qe6 Kd8 65. Qe7+ Kc8 66. Kb6 Kb8 67. Qd8# 1-0

[Event "Moscow op-E"]
[Site "Moscow"]
[Date "2011.02.05"]
[Round "8.109"]
[White "Kovach, Dmitri"]
[Black "Kurdakov, Yuri"]
[Result "1-0"]
[WhiteElo "2054"]
[BlackElo "2236"]
[PlyCount "137"]
[EventDate "2011.01.29"]
[EventType "swiss"]
[EventRounds "9"]
[EventCountry "RUS"]
[SourceTitle "EXT 2022"]
[Source "ChessBase"]
[SourceDate "2021.10.06"]
[SourceVersion "1"]
[SourceVersionDate "2021.10.06"]
[SourceQuality "1"]

1. e4 e6 2. d4 d5 3. Nc3 Bb4 4. e5 b6 5. Qg4 Bf8 6. Nf3 Qd7 7. Bb5 c6 8. Bd3 Ba6 9. 0-0 Ne7 10. Bxa6 Nxa6 11. Ne2 Nb4 12. Bd2 c5 13. c3 Nbc6 14. Ng3 cxd4 15. cxd4 g6 16. Qh4 h6 17. Rfc1 0-0-0 18. b4 Kb7 19. b5 Nb8 20. a4 Rc8 21. Qf6 Rxc1+ 22. Rxc1 Rh7 23. Qf4 Nc8 24. Qe3 Be7 25. Qd3 Rh8 26. Qb3 a5 27. bxa6+ Kxa6 28. Ne2 Na7 29. Nc3 g5 30. Nb5 Rc8 31. Rb1 Qc6 32. Ne1 f5 33. exf6 Bxf6 34. Nd3 Kb7 35. Nb4 Qd7 36. Nxa7 Kxa7 37. a5 b5 38. Be3 Na6 39. Nd3 Rc4 40. h3 b4 41. Qd1 Qg7 42. Qg4 Qg6 43. Rd1 Rc6 44. Qe2 Qe4 45. f3 Qh7 46. Qd2 Qc7 47. Nxb4 Rc4 48. Nd3 Rc2 49. Qe1 Ra2 50. Bf2 Qc2 51. Qf1 Rxa5 52. Re1 Qc6 53. Qe2 Nc7 54. Nc5 Be7 55. Nxe6 Bb4 56. Rb1 Nxe6 57. Rxb4 Ra1+ 58. Be1 Qd6 59. Qb2 Qa6 60. Qc3 Ra2 61. Qb3 Nf4 62. Bd2 Ra1+ 63. Kh2 Rh1+ 64. Kg3 Ne2+ 65. Kf2 Rf1+ 66. Ke3 Qe6+ 67. Kd3 Qa6+ 68. Rb5 Ng3 69. Qxd5 1-0

[Event "Moscow-ch act"]
[Site "Moscow"]
[Date "2010.10.03"]
[Round "2"]
[White "Hramtsov, Alexander"]
[Black "Kurdakov, Yuri"]
[Result "1-0"]
[WhiteElo "2366"]
[BlackElo "2270"]
[PlyCount "79"]
[EventDate "2010.10.03"]
[EventType "swiss"]
[EventRounds "9"]
[EventCountry "RUS"]
[SourceTitle "EXT 2012"]
[Source "ChessBase"]
[SourceDate "2011.11.24"]
[SourceVersion "1"]
[SourceVersionDate "2011.11.24"]
[SourceQuality "1"]

1. g3 Nf6 2. Bg2 e6 3. Nf3 d5 4. 0-0 Be7 5. b3 0-0 6. c4 c6 7. d4 Nbd7 8. Nbd2 b6 9. Qc2 Bb7 10. e4 Rc8 11. e5 Ne8 12. cxd5 cxd5 13. Qd3 Nb8 14. Re1 Ba6 15. Qe3 Nc6 16. a3 Na5 17. b4 Nc4 18. Nxc4 Bxc4 19. h4 h6 20. Bd2 Qd7 21. h5 Qa4 22. Nh2 Qb3 23. Ng4 Qxe3 24. Nxe3 Bd3 25. Rec1 Rd8 26. Rc3 Be2 27. f3 Bg5 28. Kf2 Bxe3+ 29. Kxe2 Bxd2 30. Kxd2 f5 31. f4 Rf7 32. Rac1 Re7 33. Bf3 Kf7 34. g4 fxg4 35. Bxg4 Rdd7 36. f5 exf5 37. Bxf5 Rc7 38. Bg6+ Kf8 39. Rf1+ Kg8 40. Rcf3 1-0

[Event "Moscow-ch act"]
[Site "Moscow"]
[Date "2010.10.03"]
[Round "9"]
[White "Losev, Dmitry"]
[Black "Kurdakov, Yuri"]
[Result "1-0"]
[WhiteElo "2285"]
[BlackElo "2270"]
[PlyCount "107"]
[EventDate "2010.10.03"]
[EventType "swiss"]
[EventRounds "9"]
[EventCountry "RUS"]
[SourceTitle "EXT 2012"]
[Source "ChessBase"]
[SourceDate "2011.11.24"]
[SourceVersion "1"]
[SourceVersionDate "2011.11.24"]
[SourceQuality "1"]

1. e4 e6 2. d4 d5 3. Nc3 Bb4 4. Bd2 dxe4 5. Qg4 Bf8 6. Qxe4 Nf6 7. Qh4 Be7 8. 0-0-0 Nc6 9. Nf3 Nd5 10. Qg3 Nxc3 11. Bxc3 Bf6 12. Bc4 Bd7 13. d5 exd5 14. Rhe1+ Kf8 15. Bxf6 Qxf6 16. Qxc7 Bg4 17. Bxd5 g6 18. Bxc6 bxc6 19. Ne5 Be6 20. Nd7+ Bxd7 21. Qxd7 Kg7 22. Qd4 Rhd8 23. Qxf6+ Kxf6 24. Re4 Rxd1+ 25. Kxd1 Rb8 26. b3 Rd8+ 27. Ke2 Rd6 28. Rb4 Rd5 29. Ra4 Rd7 30. Ra6 Rc7 31. Kd3 Ke5 32. Kc4 Kd6 33. b4 Re7 34. b5 Re2 35. Rxc6+ Kd7 36. Rf6 Ke7 37. Rf3 Rxc2+ 38. Kb3 Rc1 39. a4 f5 40. Kb4 Kd6 41. Rd3+ Ke6 42. Rd2 Ke5 43. Rd7 Rc2 44. Rxa7 Rxf2 45. Rxh7 Rxg2 46. b6 f4 47. Kc3 Rg1 48. Kb2 Rg2+ 49. Ka3 Rg1 50. b7 Rb1 51. a5 Ke6 52. a6 f3 53. Rh3 f2 54. Rf3 1-0

[Event "Moscow-ch act"]
[Site "Moscow"]
[Date "2010.10.03"]
[Round "5"]
[White "Stukopin, Andrey"]
[Black "Kurdakov, Yuri"]
[Result "1-0"]
[WhiteElo "2458"]
[BlackElo "2270"]
[PlyCount "79"]
[EventDate "2010.10.03"]
[EventType "swiss"]
[EventRounds "9"]
[EventCountry "RUS"]
[SourceTitle "EXT 2012"]
[Source "ChessBase"]
[SourceDate "2011.11.24"]
[SourceVersion "1"]
[SourceVersionDate "2011.11.24"]
[SourceQuality "1"]

1. e4 e6 2. d4 d5 3. Nc3 Bb4 4. e5 b6 5. a3 Bf8 6. h4 h5 7. Be2 Ba6 8. Nf3 Ne7 9. Bg5 Qd7 10. Bxa6 Nxa6 11. Qd3 Nb8 12. Ne2 Nf5 13. c3 Be7 14. Ng3 Bxg5 15. Nxg5 g6 16. Nxf5 gxf5 17. Nh3 Nc6 18. Nf4 0-0-0 19. Qf3 Na5 20. Nxh5 Qb5 21. b4 Qc4 22. Nf4 Nb3 23. Rb1 a5 24. Rh3 a4 25. Qe2 Qxe2+ 26. Kxe2 Kd7 27. h5 c5 28. dxc5 bxc5 29. h6 Kc6 30. h7 d4 31. c4 Kd7 32. b5 Ke7 33. Kd3 Rb8 34. Rbh1 Rbd8 35. Rh6 Rb8 36. f3 Rbd8 37. g4 fxg4 38. fxg4 Rb8 39. g5 Rbf8 40. g6 1-0

[Event "Moscow-ch sf"]
[Site "Moscow"]
[Date "2009.03.25"]
[Round "5"]
[White "Kurdakov, Yuri"]
[Black "Novichkov, Valery"]
[Result "1-0"]
[WhiteElo "2263"]
[BlackElo "2399"]
[PlyCount "96"]
[EventDate "2009.03.21"]
[EventType "swiss"]
[EventRounds "9"]
[EventCountry "RUS"]
[SourceTitle "EXT 2010"]
[Source "ChessBase"]
[SourceDate "2010.11.25"]
[SourceVersion "1"]
[SourceVersionDate "2010.11.25"]
[SourceQuality "1"]

1. Nf3 g6 2. g3 c5 3. c4 Nc6 4. Bg2 Bg7 5. Nc3 e6 6. d3 Nge7 7. Ne4 d5 8. Ned2 0-0 9. h4 h6 10. Rb1 b6 11. a3 a5 12. 0-0 Rb8 13. Re1 d4 14. Nf1 e5 15. Bd2 Qd6 16. N3h2 Bd7 17. b3 Kh7 18. Rb2 f5 19. Qb1 b5 20. cxb5 Rxb5 21. Qc2 Rfb8 22. a4 Nb4 23. Bxb4 Rxb4 24. Rc1 Bxa4 25. Qxc5 Qxc5 26. Rxc5 R4b5 27. Rc7 Ng8 28. Ra7 Bxb3 29. Nd2 a4 30. Nxb3 axb3 31. Nf3 Rc5 32. Nd2 Rc3 33. Bd5 Nf6 34. Rxb3 Rcxb3 35. Bxb3 e4 36. Bc4 e3 37. fxe3 dxe3 38. Nb3 Ng4 39. Nc5 Kh8 40. Ne6 Be5 41. Kg2 Rc8 42. Rf7 Kg8 43. Rd7 Kh8 44. Nd8 Nf6 45. Nf7+ Kg7 46. Nxe5+ Nxd7 47. Nxd7 g5 48. hxg5 hxg5 1-0

[Event "Moscow op-A"]
[Site "Moscow"]
[Date "2009.02.04"]
[Round "5"]
[White "Kurdakov, Yuri"]
[Black "Sharafiev, Azat"]
[Result "1/2-1/2"]
[WhiteElo "2277"]
[BlackElo "1898"]
[PlyCount "31"]
[EventDate "2009.01.31"]
[EventType "swiss"]
[EventRounds "9"]
[EventCountry "RUS"]
[SourceTitle "EXT 2022"]
[Source "ChessBase"]
[SourceDate "2021.10.06"]
[SourceVersion "1"]
[SourceVersionDate "2021.10.06"]
[SourceQuality "1"]

1. Nf3 c5 2. c4 b6 3. g3 Bb7 4. Bg2 Nf6 5. Nc3 e6 6. 0-0 Be7 7. b3 0-0 8. Bb2 a6 9. d4 cxd4 10. Nxd4 Bxg2 11. Kxg2 Qc7 12. e3 Nc6 13. Nxc6 dxc6 14. Qf3 Nd7 15. Rfd1 Bf6 16. Rd2 1/2-1/2

[Event "Moscow-ch final"]
[Site "Moscow"]
[Date "2008.05.08"]
[Round "1"]
[White "Kurdakov, Yuri"]
[Black "Rychagov, Andrey"]
[Result "0-1"]
[WhiteElo "2295"]
[BlackElo "2565"]
[PlyCount "93"]
[EventDate "2008.05.08"]
[EventType "k.o."]
[EventRounds "4"]
[EventCountry "RUS"]
[SourceTitle "CBM 124 Extra"]
[Source "ChessBase"]
[SourceDate "2008.07.03"]
[SourceVersion "1"]
[SourceVersionDate "2008.07.03"]
[SourceQuality "1"]

1. c4 c6 2. Nf3 d5 3. b3 Bg4 4. e3 e6 5. h3 Bh5 6. Bb2 Nd7 7. Be2 Ngf6 8. d3 Qa5+ 9. Nbd2 Ba3 10. Qc1 Bxb2 11. Qxb2 0-0 12. 0-0 e5 13. b4 Qc7 14. cxd5 cxd5 15. Rfc1 Qd6 16. Bf1 Rfc8 17. d4 Bxf3 18. Nxf3 e4 19. Nd2 Nb6 20. a3 Ne8 21. Qb3 Qd7 22. b5 Rxc1 23. Rxc1 Rc8 24. Rc5 Nc7 25. a4 Ne6 26. Rxc8+ Nxc8 27. a5 b6 28. a6 Ne7 29. Nb1 f5 30. Nc3 Kf7 31. Be2 Qd6 32. f3 Ke8 33. fxe4 fxe4 34. Bg4 Nc7 35. Ne2 g6 36. h4 h5 37. Bh3 Qf6 38. Qb4 Kd8 39. Nf4 Nc8 40. g3 Qe7 41. Qb3 Nd6 42. Bf1 g5 43. hxg5 Qxg5 44. Kh2 h4 45. g4 Qxg4 46. Nxd5 Qe6 47. Kh1 0-1

[Event "Moscow op 03rd"]
[Site "Moscow"]
[Date "2007.01.28"]
[Round "2"]
[White "Kurdakov, Yuri"]
[Black "Kreines, Mikhail"]
[Result "1-0"]
[WhiteElo "2282"]
[BlackElo "2088"]
[PlyCount "41"]
[EventDate "2007.01.27"]
[EventType "swiss"]
[EventRounds "9"]
[EventCountry "RUS"]
[SourceTitle "CBM 116 Extra"]
[Source "ChessBase"]
[SourceDate "2007.03.07"]
[SourceVersion "1"]
[SourceVersionDate "2007.03.07"]
[SourceQuality "1"]

1. Nf3 Nc6 2. c4 e5 3. Nc3 Bc5 4. e3 Nge7 5. a3 a5 6. d4 exd4 7. exd4 Ba7 8. d5 Nb8 9. d6 cxd6 10. Be2 Bc5 11. 0-0 0-0 12. Bg5 f6 13. Bf4 Qb6 14. Rb1 Na6 15. Ne4 d5 16. cxd5 d6 17. Bxa6 bxa6 18. b4 axb4 19. axb4 Bxb4 20. Bxd6 Bf5 21. Bxe7 1-0

[Event "Moscow op 03rd"]
[Site "Moscow"]
[Date "2007.01.27"]
[Round "1"]
[White "Nikolenko, Oleg"]
[Black "Kurdakov, Yuri"]
[Result "1-0"]
[WhiteElo "2516"]
[BlackElo "2282"]
[PlyCount "123"]
[EventDate "2007.01.27"]
[EventType "swiss"]
[EventRounds "9"]
[EventCountry "RUS"]
[SourceTitle "CBM 116 Extra"]
[Source "ChessBase"]
[SourceDate "2007.03.07"]
[SourceVersion "1"]
[SourceVersionDate "2007.03.07"]
[SourceQuality "1"]

1. e4 e6 2. d4 d5 3. Nd2 a6 4. Ngf3 c5 5. dxc5 Bxc5 6. Bd3 Nf6 7. 0-0 dxe4 8. Nxe4 Nxe4 9. Bxe4 Qxd1 10. Rxd1 f6 11. a3 a5 12. Nd4 Bxd4 13. Rxd4 Nc6 14. Rd3 f5 15. Bxc6+ bxc6 16. Rd6 Bb7 17. Rxe6+ Kf7 18. Re5 g6 19. Be3 Rhd8 20. h4 Rd5 21. Rxd5 cxd5 22. a4 Rc8 23. c3 Rc4 24. Bd4 Bc8 25. Kf1 Bd7 26. b3 Rc7 27. Ke2 Rb7 28. Ra3 Rb8 29. Kd2 Ke6 30. Be3 Ke5 31. g3 Ke4 32. Ke2 d4 33. Bxd4 f4 34. f3+ Kd5 35. gxf4 Bf5 36. Kd2 Rb7 37. Be3 Kc6 38. Bd4 Kd5 39. Be5 Kc6 40. b4 axb4 41. cxb4 Rxb4 42. a5 Kb7 43. a6+ Ka8 44. Ra5 h5 45. Rd5 Ka7 46. Rd6 Rb8 47. Kc3 Rc8+ 48. Kb4 Rc1 49. Rf6 Rc8 50. Bd4+ Ka8 51. Ka5 Rd8 52. Be5 Rc8 53. Rf7 Rc1 54. Rg7 Rc4 55. Kb6 Rb4+ 56. Kc5 Rb1 57. Bd4 Rb8 58. Kd6 Rd8+ 59. Ke5 Re8+ 60. Kd5 Rd8+ 61. Kc4 Rb8 62. Ra7# 1-0